Before the headlines : (Record no. 122887)

MARC details
000 -LEADER
fixed length control field 00728nam a22002297a 4500
005 - DATE AND TIME OF LATEST TRANSACTION
control field 20170124105917.0
010 ## - LIBRARY OF CONGRESS CONTROL NUMBER
LC control number B-017560
020 ## - INTERNATIONAL STANDARD BOOK NUMBER
Terms of availability 240.00
International Standard Book Number 0333932706
035 ## - SYSTEM CONTROL NUMBER
System control number B-017560
037 ## - SOURCE OF ACQUISITION
Source of stock number/acquisition Cen Lib/Ret
040 ## - CATALOGING SOURCE
Original cataloging agency DPL
Language of cataloging EN
082 ## - DEWEY DECIMAL CLASSIFICATION NUMBER
Classification number 070.195
Item number SIN
100 ## - MAIN ENTRY--PERSONAL NAME
Personal name Singh, Chandrakant
9 (RLIN) 2886
245 ## - TITLE STATEMENT
Title Before the headlines :
Statement of responsibility, etc by Chandrakant P. Singh
Remainder of title Ahandbook of TV journalism /
260 ## - PUBLICATION, DISTRIBUTION, ETC. (IMPRINT)
Place of publication, distribution, etc Delhi
Name of publisher, distributor, etc Macmillan
Date of publication, distribution, etc 1999
270 ## - ADDRESS
Address 2/10 Ansari road Darya Ganj
City New Delhi
300 ## - PHYSICAL DESCRIPTION
Extent xv,306p. :
Dimensions 21cm (Hb)
Other physical details ill.
500 ## - GENERAL NOTE
General note Includes appendix glossary references and index
650 ## - SUBJECT ADDED ENTRY--TOPICAL TERM
Topical term or geographic name as entry element Journalism
9 (RLIN) 110191
650 ## - SUBJECT ADDED ENTRY--TOPICAL TERM
Topical term or geographic name as entry element Mass communication
9 (RLIN) 110192
942 ## - ADDED ENTRY ELEMENTS (KOHA)
Source of classification or shelving scheme Dewey Decimal Classification
Koha item type English Books
Classification part 070.195
Call number suffix SIN
Holdings
Withdrawn status Lost status Damaged status Not for loan Collection code Home library Current library Date acquired Source of acquisition Cost, normal purchase price Total Checkouts Full call number Barcode Date last seen Copy number Cost, replacement price Price effective from Koha item type
      Not For Loan Reference Central Library Central Library 30/05/2015 Cen Lib/Ret 240.00   070.195 SIN B-017560 30/05/2015 1 240.00 15/09/2016 English Books

© Delhi Public Library
Hit Counter
free hit counter